<?xml version="1.0" encoding="UTF-8"?>
<record
    xmlns:xsi="http://www.w3.org/2001/XMLSchema-instance"
    xsi:schemaLocation="http://www.loc.gov/MARC21/slim http://www.loc.gov/standards/marcxml/schema/MARC21slim.xsd"
    xmlns="http://www.loc.gov/MARC21/slim">

  <leader>00757nam a2200217Ia 4500</leader>
  <controlfield tag="003">Ost</controlfield>
  <controlfield tag="005">20260507075126.0</controlfield>
  <controlfield tag="008">260507s9999||||xx |||||||||||||| ||und||</controlfield>
  <datafield tag="040" ind1=" " ind2=" ">
    <subfield code="c">fsecg</subfield>
  </datafield>
  <datafield tag="041" ind1=" " ind2=" ">
    <subfield code="a">ara</subfield>
  </datafield>
  <datafield tag="082" ind1=" " ind2=" ">
    <subfield code="a">330</subfield>
  </datafield>
  <datafield tag="100" ind1=" " ind2=" ">
    <subfield code="a">&#x636;&#x645;&#x631;&#x629;&#x60C; &#x62F;&#x639;&#x627;&#x621; &#x645;&#x633;&#x639;&#x648;&#x62F;</subfield>
    <subfield code="e">&#x645;&#x624;&#x644;&#x641;</subfield>
  </datafield>
  <datafield tag="245" ind1=" " ind2="0">
    <subfield code="a">&#x625;&#x62F;&#x627;&#x631;&#x629; &#x627;&#x644;&#x62A;&#x633;&#x648;&#x64A;&#x642; /</subfield>
    <subfield code="c"> &#x62F;&#x639;&#x627;&#x621; &#x645;&#x633;&#x639;&#x648;&#x62F; &#x636;&#x645;&#x631;&#x629;</subfield>
  </datafield>
  <datafield tag="260" ind1=" " ind2=" ">
    <subfield code="a">&#x639;&#x645;&#x627;&#x646;: </subfield>
    <subfield code="b">&#x627;&#x644;&#x645;&#x62C;&#x62A;&#x645;&#x639; &#x627;&#x644;&#x639;&#x631;&#x628;&#x64A;, </subfield>
    <subfield code="c">2006</subfield>
  </datafield>
  <datafield tag="300" ind1=" " ind2=" ">
    <subfield code="a">151  &#x635;&#x641;&#x62D;&#x629;&#x61B; </subfield>
    <subfield code="c">24 &#x633;&#x645;</subfield>
  </datafield>
  <datafield tag="520" ind1=" " ind2=" ">
    <subfield code="a">&#x645;&#x641;&#x647;&#x648;&#x645; &#x627;&#x644;&#x62A;&#x633;&#x648;&#x64A;&#x642;-&#x62F;&#x631;&#x627;&#x633;&#x629; &#x627;&#x644;&#x633;&#x648;&#x642; &#x648;&#x62A;&#x62D;&#x644;&#x64A;&#x644;&#x647;-&#x633;&#x644;&#x648;&#x643; &#x627;&#x644;&#x645;&#x633;&#x62A;&#x647;&#x644;&#x643;-&#x627;&#x644;&#x639;&#x646;&#x627;&#x635;&#x631; &#x627;&#x644;&#x623;&#x633;&#x627;&#x633;&#x64A;&#x629; &#x644;&#x62D;&#x638;&#x629; &#x639;&#x645;&#x644; &#x62C;&#x64A;&#x62F;&#x629;</subfield>
  </datafield>
  <datafield tag="653" ind1=" " ind2=" ">
    <subfield code="a">&#x625;&#x62F;&#x627;&#x631;&#x629; &#x627;&#x644;&#x623;&#x639;&#x645;&#x627;&#x644;</subfield>
  </datafield>
  <datafield tag="653" ind1=" " ind2=" ">
    <subfield code="a">&#x623;&#x62F;&#x627;&#x631;&#x629; &#x627;&#x644;&#x645;&#x628;&#x64A;&#x639;&#x627;&#x62A;</subfield>
  </datafield>
  <datafield tag="653" ind1=" " ind2=" ">
    <subfield code="a">&#x627;&#x644;&#x62A;&#x633;&#x648;&#x64A;&#x642;</subfield>
  </datafield>
  <datafield tag="942" ind1=" " ind2=" ">
    <subfield code="c">&#x643;&#x62A;&#x627;&#x628;</subfield>
  </datafield>
  <datafield tag="952" ind1=" " ind2=" ">
    <subfield code="0">0</subfield>
    <subfield code="1">0</subfield>
    <subfield code="2">ddc</subfield>
    <subfield code="4">0</subfield>
    <subfield code="7">0</subfield>
    <subfield code="a">fsecg</subfield>
    <subfield code="b">fsecg</subfield>
    <subfield code="d">2026-05-07</subfield>
    <subfield code="h">&#x627;&#x644;&#x637;&#x627;&#x628;&#x642; &#x627;&#x644;&#x623;&#x631;&#x636;&#x64A;</subfield>
    <subfield code="i">5819</subfield>
    <subfield code="l">0</subfield>
    <subfield code="o">&#x623;/2076&#x646;10</subfield>
    <subfield code="p">5819</subfield>
    <subfield code="r">2026-05-07 07:51:26</subfield>
    <subfield code="w">2026-05-07</subfield>
    <subfield code="y">&#x643;&#x62A;&#x627;&#x628;</subfield>
  </datafield>
  <datafield tag="952" ind1=" " ind2=" ">
    <subfield code="0">0</subfield>
    <subfield code="1">0</subfield>
    <subfield code="2">ddc</subfield>
    <subfield code="4">0</subfield>
    <subfield code="7">0</subfield>
    <subfield code="a">fsecg</subfield>
    <subfield code="b">fsecg</subfield>
    <subfield code="d">2026-05-07</subfield>
    <subfield code="h">&#x627;&#x644;&#x637;&#x627;&#x628;&#x642; &#x627;&#x644;&#x623;&#x631;&#x636;&#x64A;</subfield>
    <subfield code="i">5820</subfield>
    <subfield code="l">0</subfield>
    <subfield code="o">&#x623;/2076&#x646;11</subfield>
    <subfield code="p">5820</subfield>
    <subfield code="r">2026-05-07 07:51:26</subfield>
    <subfield code="w">2026-05-07</subfield>
    <subfield code="y">&#x643;&#x62A;&#x627;&#x628;</subfield>
  </datafield>
  <datafield tag="952" ind1=" " ind2=" ">
    <subfield code="0">0</subfield>
    <subfield code="1">0</subfield>
    <subfield code="2">ddc</subfield>
    <subfield code="4">0</subfield>
    <subfield code="7">0</subfield>
    <subfield code="a">fsecg</subfield>
    <subfield code="b">fsecg</subfield>
    <subfield code="d">2026-05-07</subfield>
    <subfield code="h">&#x627;&#x644;&#x637;&#x627;&#x628;&#x642; &#x627;&#x644;&#x623;&#x631;&#x636;&#x64A;</subfield>
    <subfield code="i">5821</subfield>
    <subfield code="l">0</subfield>
    <subfield code="o">&#x623;/2076&#x646;12</subfield>
    <subfield code="p">5821</subfield>
    <subfield code="r">2026-05-07 07:51:26</subfield>
    <subfield code="w">2026-05-07</subfield>
    <subfield code="y">&#x643;&#x62A;&#x627;&#x628;</subfield>
  </datafield>
  <datafield tag="952" ind1=" " ind2=" ">
    <subfield code="0">0</subfield>
    <subfield code="1">0</subfield>
    <subfield code="2">ddc</subfield>
    <subfield code="4">0</subfield>
    <subfield code="7">0</subfield>
    <subfield code="a">fsecg</subfield>
    <subfield code="b">fsecg</subfield>
    <subfield code="d">2026-05-07</subfield>
    <subfield code="h">&#x627;&#x644;&#x637;&#x627;&#x628;&#x642; &#x627;&#x644;&#x623;&#x631;&#x636;&#x64A;</subfield>
    <subfield code="i">5822</subfield>
    <subfield code="l">0</subfield>
    <subfield code="o">&#x623;/2076&#x646;13</subfield>
    <subfield code="p">5822</subfield>
    <subfield code="r">2026-05-07 07:51:26</subfield>
    <subfield code="w">2026-05-07</subfield>
    <subfield code="y">&#x643;&#x62A;&#x627;&#x628;</subfield>
  </datafield>
  <datafield tag="952" ind1=" " ind2=" ">
    <subfield code="0">0</subfield>
    <subfield code="1">0</subfield>
    <subfield code="2">ddc</subfield>
    <subfield code="4">0</subfield>
    <subfield code="7">0</subfield>
    <subfield code="a">fsecg</subfield>
    <subfield code="b">fsecg</subfield>
    <subfield code="d">2026-05-07</subfield>
    <subfield code="h">&#x627;&#x644;&#x637;&#x627;&#x628;&#x642; &#x627;&#x644;&#x62B;&#x627;&#x646;&#x64A;</subfield>
    <subfield code="i">5823</subfield>
    <subfield code="l">0</subfield>
    <subfield code="o">&#x623;/2076&#x646;14</subfield>
    <subfield code="p">5823</subfield>
    <subfield code="r">2026-05-07 07:51:26</subfield>
    <subfield code="w">2026-05-07</subfield>
    <subfield code="y">&#x643;&#x62A;&#x627;&#x628;</subfield>
  </datafield>
  <datafield tag="952" ind1=" " ind2=" ">
    <subfield code="0">0</subfield>
    <subfield code="1">0</subfield>
    <subfield code="2">ddc</subfield>
    <subfield code="4">0</subfield>
    <subfield code="7">0</subfield>
    <subfield code="a">fsecg</subfield>
    <subfield code="b">fsecg</subfield>
    <subfield code="d">2026-05-07</subfield>
    <subfield code="h">&#x627;&#x644;&#x637;&#x627;&#x628;&#x642; &#x627;&#x644;&#x62B;&#x627;&#x646;&#x64A;</subfield>
    <subfield code="i">5824</subfield>
    <subfield code="l">0</subfield>
    <subfield code="o">&#x623;/2076&#x646;15</subfield>
    <subfield code="p">5824</subfield>
    <subfield code="r">2026-05-07 07:51:26</subfield>
    <subfield code="w">2026-05-07</subfield>
    <subfield code="y">&#x643;&#x62A;&#x627;&#x628;</subfield>
  </datafield>
  <datafield tag="952" ind1=" " ind2=" ">
    <subfield code="0">0</subfield>
    <subfield code="1">0</subfield>
    <subfield code="2">ddc</subfield>
    <subfield code="4">0</subfield>
    <subfield code="7">0</subfield>
    <subfield code="a">fsecg</subfield>
    <subfield code="b">fsecg</subfield>
    <subfield code="d">2026-05-07</subfield>
    <subfield code="h">&#x627;&#x644;&#x637;&#x627;&#x628;&#x642; &#x627;&#x644;&#x62B;&#x627;&#x646;&#x64A;</subfield>
    <subfield code="i">5825</subfield>
    <subfield code="l">0</subfield>
    <subfield code="o">&#x623;/2076&#x646;16</subfield>
    <subfield code="p">5825</subfield>
    <subfield code="r">2026-05-07 07:51:26</subfield>
    <subfield code="w">2026-05-07</subfield>
    <subfield code="y">&#x643;&#x62A;&#x627;&#x628;</subfield>
  </datafield>
  <datafield tag="952" ind1=" " ind2=" ">
    <subfield code="0">0</subfield>
    <subfield code="1">0</subfield>
    <subfield code="2">ddc</subfield>
    <subfield code="4">0</subfield>
    <subfield code="7">-1</subfield>
    <subfield code="a">fsecg</subfield>
    <subfield code="b">fsecg</subfield>
    <subfield code="d">2026-05-07</subfield>
    <subfield code="h">&#x627;&#x644;&#x637;&#x627;&#x628;&#x642; &#x627;&#x644;&#x62B;&#x627;&#x646;&#x64A;</subfield>
    <subfield code="i">5826</subfield>
    <subfield code="l">0</subfield>
    <subfield code="o">&#x623;/2076&#x646;17</subfield>
    <subfield code="p">5826</subfield>
    <subfield code="r">2026-05-07 07:51:26</subfield>
    <subfield code="w">2026-05-07</subfield>
    <subfield code="y">&#x643;&#x62A;&#x627;&#x628;</subfield>
  </datafield>
  <datafield tag="952" ind1=" " ind2=" ">
    <subfield code="0">0</subfield>
    <subfield code="1">0</subfield>
    <subfield code="2">ddc</subfield>
    <subfield code="4">0</subfield>
    <subfield code="7">0</subfield>
    <subfield code="a">fsecg</subfield>
    <subfield code="b">fsecg</subfield>
    <subfield code="d">2026-05-07</subfield>
    <subfield code="h">&#x627;&#x644;&#x637;&#x627;&#x628;&#x642; &#x627;&#x644;&#x62B;&#x627;&#x646;&#x64A;</subfield>
    <subfield code="i">5827</subfield>
    <subfield code="l">0</subfield>
    <subfield code="o">&#x623;/2076&#x646;18</subfield>
    <subfield code="p">5827</subfield>
    <subfield code="r">2026-05-07 07:51:26</subfield>
    <subfield code="w">2026-05-07</subfield>
    <subfield code="y">&#x643;&#x62A;&#x627;&#x628;</subfield>
  </datafield>
  <datafield tag="952" ind1=" " ind2=" ">
    <subfield code="0">0</subfield>
    <subfield code="1">0</subfield>
    <subfield code="2">ddc</subfield>
    <subfield code="4">0</subfield>
    <subfield code="7">0</subfield>
    <subfield code="a">fsecg</subfield>
    <subfield code="b">fsecg</subfield>
    <subfield code="d">2026-05-07</subfield>
    <subfield code="h">&#x627;&#x644;&#x637;&#x627;&#x628;&#x642; &#x627;&#x644;&#x62B;&#x627;&#x646;&#x64A;</subfield>
    <subfield code="i">5828</subfield>
    <subfield code="l">0</subfield>
    <subfield code="o">&#x623;/2076&#x646;19</subfield>
    <subfield code="p">5828</subfield>
    <subfield code="r">2026-05-07 07:51:26</subfield>
    <subfield code="w">2026-05-07</subfield>
    <subfield code="y">&#x643;&#x62A;&#x627;&#x628;</subfield>
  </datafield>
  <datafield tag="952" ind1=" " ind2=" ">
    <subfield code="0">0</subfield>
    <subfield code="1">0</subfield>
    <subfield code="2">ddc</subfield>
    <subfield code="4">0</subfield>
    <subfield code="7">0</subfield>
    <subfield code="a">fsecg</subfield>
    <subfield code="b">fsecg</subfield>
    <subfield code="d">2026-05-07</subfield>
    <subfield code="h">&#x627;&#x644;&#x637;&#x627;&#x628;&#x642; &#x627;&#x644;&#x62B;&#x627;&#x646;&#x64A;</subfield>
    <subfield code="i">5829</subfield>
    <subfield code="l">0</subfield>
    <subfield code="o">&#x623;/2076&#x646;20</subfield>
    <subfield code="p">5829</subfield>
    <subfield code="r">2026-05-07 07:51:26</subfield>
    <subfield code="w">2026-05-07</subfield>
    <subfield code="y">&#x643;&#x62A;&#x627;&#x628;</subfield>
  </datafield>
  <datafield tag="952" ind1=" " ind2=" ">
    <subfield code="0">0</subfield>
    <subfield code="1">0</subfield>
    <subfield code="2">ddc</subfield>
    <subfield code="4">0</subfield>
    <subfield code="7">0</subfield>
    <subfield code="a">fsecg</subfield>
    <subfield code="b">fsecg</subfield>
    <subfield code="d">2026-05-07</subfield>
    <subfield code="h">&#x627;&#x644;&#x637;&#x627;&#x628;&#x642; &#x627;&#x644;&#x62B;&#x627;&#x646;&#x64A;</subfield>
    <subfield code="i">5830</subfield>
    <subfield code="l">0</subfield>
    <subfield code="o">&#x623;/2076&#x646;22</subfield>
    <subfield code="p">5830</subfield>
    <subfield code="r">2026-05-07 07:51:26</subfield>
    <subfield code="w">2026-05-07</subfield>
    <subfield code="y">&#x643;&#x62A;&#x627;&#x628;</subfield>
  </datafield>
  <datafield tag="952" ind1=" " ind2=" ">
    <subfield code="0">0</subfield>
    <subfield code="1">0</subfield>
    <subfield code="2">ddc</subfield>
    <subfield code="4">0</subfield>
    <subfield code="7">0</subfield>
    <subfield code="a">fsecg</subfield>
    <subfield code="b">fsecg</subfield>
    <subfield code="d">2026-05-07</subfield>
    <subfield code="h">&#x627;&#x644;&#x637;&#x627;&#x628;&#x642; &#x627;&#x644;&#x62B;&#x627;&#x646;&#x64A;</subfield>
    <subfield code="i">2076/9</subfield>
    <subfield code="l">0</subfield>
    <subfield code="o">&#x623;/2076&#x646;9</subfield>
    <subfield code="p">2076/9</subfield>
    <subfield code="r">2026-05-07 07:51:26</subfield>
    <subfield code="w">2026-05-07</subfield>
    <subfield code="y">&#x643;&#x62A;&#x627;&#x628;</subfield>
  </datafield>
  <datafield tag="999" ind1=" " ind2=" ">
    <subfield code="c">43148</subfield>
    <subfield code="d">43148</subfield>
  </datafield>
</record>
